Toxicology ( The basic sciences of poison )
Kaydedildi:
| Yazar: | |
|---|---|
| Materyal Türü: | Kitap |
| Dil: | Undetermined |
| Konular: | |
| Etiketler: |
Etiketle
Etiket eklenmemiş, İlk siz ekleyin!
|
| Thư viện lưu trữ: | Trung tâm Học liệu Trường Đại học Cần Thơ |
|---|
| LEADER | 00396nam a2200145Ia 4500 | ||
|---|---|---|---|
| 001 | CTU_67145 | ||
| 008 | 210402s9999 xx 000 0 und d | ||
| 082 | |a 615.9 | ||
| 082 | |b K63 | ||
| 100 | |a C. D. Klaassen | ||
| 245 | 0 | |a Toxicology ( The basic sciences of poison ) | |
| 245 | 0 | |c C. D. Klaassen | |
| 650 | |a toxicology | ||
| 904 | |i Minh | ||
| 980 | |a Trung tâm Học liệu Trường Đại học Cần Thơ | ||